=LDR 00000nam 2200000 4500 =001 INLIS000000000028954 =005 20200305012313 =035 ##$$a 0010-061300000028954 =008 200305###########################0###### =041 ##$$a Ind =082 ##$$a 297.73 =090 ##$$a 297.73, Kus e =100 ##$$a Kusumah, Indra =245 1#$$a Exsellent parenting, menjadi orang tua ala Rasulullah, Indra Kusumah dan Vindhy Fitrianti W =260 ##$$a 2007 :$b Yogyakarta =300 ##$$a xix,238 hlm, 25 cm =650 #4$$a Pendidikan Anak =650 #4$$a Islam =850 ##$$a NBPNMAT =990 ##$$a 0001/BPAP-NTB/20142014